Normal view
MARC view
- الشرفات، عبدالله علي جريد إعدا؛ الحياري،حسن إشراف
Entry Personal Name
001 - CONTROL NUMBER
- control field: 38016
003 - CONTROL NUMBER IDENTIFIER
- control field: JO-AjAnu
005 - DATE AND TIME OF LATEST TRANSACTION
- control field: 20230606080332.0
008 - FIXED-LENGTH DATA ELEMENTS
- fixed length control field: 230606|| aca||aabn | a|a d
040 ## - CATALOGING SOURCE
- Original cataloging agency: JO-AjAnu
- Transcribing agency: JO-AjAnu
100 ## - HEADING--PERSONAL NAME
- Personal name: الشرفات، عبدالله علي جريد إعدا؛ الحياري،حسن إشراف
670 ## - SOURCE DATA FOUND
- Source citation: Work cat.: (JO-AjAnu)19504: الشرفات، عبدالله علي جريد إعدا؛ الحياري،حسن إشراف, author, أهمية ممارسة العلاقات الإنسانية مع المعلمين عند مديري مدارس لواء البادية الشمالية